| 000 | 02239nam0a2200445 4500 | ||
|---|---|---|---|
| 001 | RU\NLR\bibl\1412506 | ||
| 005 | 20260407205206.0 | ||
| 010 |
_a978-5-204-01836-0 _9500 |
||
| 021 |
_aRU _b2009-54885 _93384 |
||
| 035 | _a(NLR Aleph) 001404485 | ||
| 090 |
_a1243341 _c1243341 |
||
| 100 | _a20090709d2007 |||y0rusy50 ca | ||
| 101 | 0 | _arus | |
| 102 | _aRU | ||
| 105 | _aa ||||||||| | ||
| 200 | 1 |
_aМетодология и технология оценки социальной напряженности в образовательной среде _f[А. В. Макарчук, А.Б. Пантелеев, Г.У. Солдатова и др. _gпод ред. Г. У. Солдатовой] _gФедер. прогр. "Развитие системы обеспечения качества образования на 2006-2010 годы" |
|
| 210 |
_aМосква _cАСОУ _d2007 |
||
| 215 |
_a147 с. _cил. _d21 |
||
| 300 | _aАвт. указаны на обороте тит. л. | ||
| 320 | _aБиблиогр.: с. 115-126 (332 назв.) | ||
| 606 | 1 |
_aСоциальная напряженность _92214510 _3RU\NLR\auth\661330135 |
|
| 606 | 1 |
_aДети-мигранты _xАдаптация к средней школе _yРоссийская Федерация _92526940 _3RU\NLR\auth\661497004 |
|
| 606 | 1 |
_aТолерантность _xВоспитание _92316177 _3RU\NLR\auth\661385906 |
|
| 686 |
_aЧ30в05,0 _2rubbk |
||
| 686 |
_aС555.55,0 _2rubbk |
||
| 686 | _aС550.73 | ||
| 686 | _aС550.33 | ||
| 686 | _aЧ421.43 | ||
| 686 | _aЧ421.334 | ||
| 686 | _aЧ313.521.5 | ||
| 701 | 1 |
_aМакарчук _bА. В. _gАнна Владимировна _4070 |
|
| 701 | 1 |
_aПантелеев _bА. Б. _4070 |
|
| 701 | 1 |
_aСолдатова _bГ. У. _gГалина Уртанбековна _4070 |
|
| 712 | 0 | 2 |
_4570 _a"Развитие системы обеспечения качества образования на 2006-2010 годы", федеральная программа _cРоссийская Федерация _3RU\NLR\AUTH\8810137398 _9770272 |
| 801 | 0 |
_aRU _bРКП _c20090709 _grcr |
|
| 801 | 1 |
_aRU _bРГБ _c20090709 |
|
| 801 | 2 |
_aRU _bNLR _c20090914 _grcr |
|
| 942 | _cBOOK | ||
| 980 | _aNB | ||